Score 0/30 Timer 04:00
0 Plays Today
Hint Word % Correct
Like most NBA playersTALL
94.4%
♫ Man on the ____ ♫ or tide makerMOON
94.4%
♫ ____ on Me ♫ or one of the four seasonsFALL
92.5%
Commuter's expenseTOLL
89.7%
Animated characterTOON
88.2%
Saw, e.g.TOOL
87.5%
Emotional stateMOOD
86.5%
♫ The One I ____ ♫ or a tennis scoreLOVE
86.2%
♫ Imitation of ____ ♫ or the opposite of deathLIFE
84.8%
Strength of salsaMILD
82.9%
Blind trioMICE
82.9%
Wire typeLIVE
79.5%
CastMOLD
78.4%
♫ Out of ____ ♫ or a US weekly news magazineTIME
77.9%
Aniston in Friends, for shortRACH
77.3%
Hint Word % Correct
Caveman discoveryFIRE
76.2%
Rumour generatorMILL
74%
✯ R.E.M drummer ____ Berry ✯ or a receipt for servicesBILL
73.3%
Rib orderRACK
72.4%
Kind of paperRICE
72.3%
Scottish countyFIFE
71.9%
Zodiac animalBULL
71.8%
Small amount of moneyDIME
70.2%
ExasperateTIRE
69.4%
✯ R.E.M co-founder Peter ____ ✯ or a male deerBUCK
68.1%
✯ R.E.M lead vocalist Stipe/co-founder Mills ✯MIKE
67.9%
✯ 1986 R.E.M album Lifes ____ Pageant ✯ or sumptuousRICH
67.6%
A wall to prevent floodingDIKE
65.5%
MassBULK
63.7%
Crease or wrinkleRUCK
54.6%

Today's Daily Dose

Remove Ads.
Support Sporcle.
Get the best of Sporcle when you Go Orange. This ad-free experience offers more features, more stats, and more fun while also helping to support Sporcle. Thank you for becoming a member.

You're not logged in!

Compare scores with friends on all Sporcle quizzes.
OR
Log In

Show Comments

Extras

Top Quizzes Today


Score Distribution

Your Account Isn't Verified!

In order to create a playlist on Sporcle, you need to verify the email address you used during registration. Go to your Sporcle Settings to finish the process.

Report this User

Report this user for behavior that violates our Community Guidelines.

Details: